Statistics for US Second ladies by photo

Click here to take the quiz!

General Stats

  • This quiz has been taken 99 times
    (92 since last reset)
  • The average score is 26 of 39

Answer Stats

Answer% Correct
Abigail Adams
88%
Barbara Bush
85%
Jill Biden
85%
Lady Bird Johnson
85%
Betty Ford
83%
Bess Truman
80%
Letitia Tyler
78%
Grace Coolidge
76%
Patricia Nixon
76%
Eliza McCardle Johnson
73%
Karen Pence
73%
Tipper Gore
73%
Abigail Fillmore
71%
Douglas Emhoff
71%
Edith Roosevelt
71%
Lynne Cheney
68%
Hannah Tompkins
66%
Floride Calhoun
63%
Happy Rockefeller
63%
Joan Mondale
63%
Marilyn Quayle
63%
Ann Gerry
61%
Judy Agnew
61%
Mary Breckinridge
61%
Muriel Humphrey Brown
61%
Anna Morton
59%
Caro Dawes
59%
Carrie Babcock Sherman
59%
Cornelia Cole Fairbanks
59%
Eliza Hendricks
59%
Ilo Wallace
59%
Jane Hardley Barkley
59%
Letitia Stevenson
59%
Sophia Dallas
59%
Ellen Hamlin
56%
Jennie Tuttle Hobart
56%
Mariette Rheiner Garner
56%
Lois Irene Marshall
54%
Ellen Maria Colfax
51%

Score Distribution

Percentile by Number Answered

Percent of People with Each Score

Your Score History

You have not taken this quiz since the last reset